Vybrané aspekty riadenia podnikov habilitačná práca

Uložené v:
Podrobná bibliografia
Hlavný autor: Šalak, Jozef
Médium: Kniha
Jazyk:Slovak
Vydavateľské údaje: Košice Vysoká škola ekonomická Bratislava, pracovisko Košice 1990
Predmet:
Tagy: Pridať tag
Žiadne tagy, Buďte prvý, kto otaguje tento záznam!

MARC

LEADER 00000nam a2200000 4500
001 c110830
005 20221123135915.4
041 0 |a slo 
044 |a SK 
245 1 0 |a Vybrané aspekty riadenia podnikov  |b habilitačná práca  |c Jozef Šalak 
264 1 |a Košice  |b Vysoká škola ekonomická Bratislava, pracovisko Košice  |c 1990 
300 |a 170 s. 
610 2 0 |a podnikanie 
610 2 0 |a riadenie podnikové 
610 2 0 |a plánovanie podnikové 
610 2 0 |a organizácia podniku 
610 2 0 |a využitie počítačov 
100 1 |a Šalak, Jozef